000 00796nas a2200253 4500
001 BR9101155
003 BR-BrBNA
005 20231205091949.0
007 ta
008 230509b bl.|||p| |||| 00| 00por d
040 _aBR-BrBNA
_bpor
_cBiblioteca Nacional de Agricultura
041 _a(Pt)
072 _aL01
100 1 _aOliveira, N.M. de
100 1 _aVaz, C.M.S.L.
100 1 _aSelaive-Villarroel, A.B.
245 1 _aDesenvolvimento e producao de borregos corriedale tosquiados em diferentes idades apos o desmame
650 _aCORDEIRO
650 _aLA
650 _aTOSQUIA
773 0 _tRevista da Sociedade Brasileira de Zootecnia (Brazil)
_xISSN 0100-4859
_g(May-Jun 1990), v 19(3) p. 152-161
_wBR9101155
909 _a202311
_bLúcia
_c55
_dLúcia Elande
942 _2AGRIS
_n0
_cANA
999 _c128393
_d128393